000
00327nam a22001337a 4500
008
181004b xxu||||| |||| 00| 0 eng d
020
_a
9780766838376
041
_a
eng
080
_a
610.73
100
_a
2
101
_a
NUR
245
_a
Nursing Fundamentals Caring Clinical Decison Making
_c
Daniels.R
942
_2
udc
_c
BK
999
_c
48849
_d
48849